|
|
|
|
| LEADER |
00000naa2a2200000 4500 |
| 001 |
615348 |
| 005 |
20231102023537.0 |
| 035 |
|
|
|a (RuTPU)RU\TPU\conf\13547
|
| 035 |
|
|
|a RU\TPU\conf\13546
|
| 090 |
|
|
|a 615348
|
| 100 |
|
|
|a 20151105d2015 k y0rusy50 ca
|
| 101 |
0 |
|
|a rus
|
| 102 |
|
|
|a RU
|
| 105 |
|
|
|a y z 101zy
|
| 135 |
|
|
|a drcn ---uucaa
|
| 181 |
|
0 |
|a i
|
| 182 |
|
0 |
|a b
|
| 200 |
1 |
|
|a Математическое моделирование системы электропитания промышленного оборудования
|f М. А. Ожанов, А. А. Зубков, А. А. Клюев
|
| 203 |
|
|
|a Текст
|c электронный
|
| 225 |
1 |
|
|a Повышение энергоэффективности процессов преобразования электроэнергии
|
| 230 |
|
|
|a 1 компьютерный файл (pdf; 907 Кb)
|
| 300 |
|
|
|a Заглавие с титульного экрана
|
| 320 |
|
|
|a [Библиогр.: с. 291-292 (12 назв.)]
|
| 337 |
|
|
|a Adobe Reader
|
| 463 |
|
0 |
|0 (RuTPU)RU\TPU\conf\13454
|t Энергетика, электромеханика и энергоэффективные технологии глазами молодежи
|o материалы III российской молодежной научной школы-конференции, г.Томск, 21-23 октября 2015 г.
|f Национальный исследовательский Томский политехнический университет (ТПУ) ; Российский фонд фундаментальных исследований (РФФИ) ; ред. кол. Е. П. Богданов , Т. В. Усачева
|v [С. 287-292]
|d 2015
|
| 610 |
1 |
|
|a труды учёных ТПУ
|
| 610 |
1 |
|
|a электронный ресурс
|
| 610 |
1 |
|
|a математическое моделирование
|
| 610 |
1 |
|
|a электропитание
|
| 610 |
1 |
|
|a промышленное оборудование
|
| 610 |
1 |
|
|a кабельная продукция
|
| 610 |
1 |
|
|a проводниковые изделия
|
| 610 |
1 |
|
|a Elcut
|
| 700 |
|
1 |
|a Ожанов
|b М. А.
|
| 701 |
|
1 |
|a Зубков
|b А. А.
|
| 701 |
|
1 |
|a Клюев
|b А. А.
|
| 712 |
0 |
2 |
|a Национальный исследовательский Томский политехнический университет
|c (2009- )
|2 stltpush
|3 (RuTPU)RU\TPU\col\15902
|9 26305
|
| 801 |
|
2 |
|a RU
|b 63413507
|c 20210211
|g RCR
|
| 856 |
4 |
|
|u http://earchive.tpu.ru/handle/11683/19829
|
| 856 |
4 |
|
|u http://www.lib.tpu.ru/fulltext/c/2015/C50/092.pdf
|
| 942 |
|
|
|c BK
|